Grundzuge der Bergbaukunde Einschliesslich Aufbereitung und Brikettieren; Band II.: Aufbereitung und Brikettieren mit 324 in den Text Gedruckten Abbildungen und XI Tafeln

Détails bibliographiques
Auteur principal: Treptow E. H. E. E. H. Emil
Langue:allemand
Publié: 1925
Sujets:
Format: MixedMaterials Livre
KOHA link:https://koha.lib.tpu.ru/cgi-bin/koha/opac-detail.pl?biblionumber=131433

MARC

LEADER 00000nam0a2200000 4500
001 131433
005 20231031134452.0
035 |a (RuTPU)RU\TPU\book\142357 
090 |a 131433 
100 |a 20080218d1925 k y0gery50 ba 
101 0 |a ger 
102 |a DE 
105 |a a z 001zy 
200 1 |a Grundzuge der Bergbaukunde Einschliesslich Aufbereitung und Brikettieren   |h Band II.: Aufbereitung und Brikettieren mit 324 in den Text Gedruckten Abbildungen und XI Tafeln  |f E. H. E. Treptow 
210 |d 1925 
215 |a 342 s.  |c il. 
317 |5 63413507: 270480  |a Культурные ценности, перемещенные в СССР в результате Второй мировой войны 
320 |a Nachschlage - Verzeichnis: p. 332-338. 
610 1 |a горное дело 
610 1 |a горное производство 
610 1 |a обогащение 
675 |a 622  |v 3 
700 1 |a Treptow  |b E. H. E.  |g E. H. Emil 
801 1 |a RU  |b 63413507  |c 20080218  |g PSBO 
801 2 |a RU  |b 63413507  |c 20090108  |g PSBO 
942 |c BK